Schlesisches Weltkulturerbe: Die Friedenskirche zur Heiligen Dreifaltigkeit in Schweidnitz
| Titel: | Schlesisches Weltkulturerbe: Die Friedenskirche zur Heiligen Dreifaltigkeit in Schweidnitz |
|---|---|
| Verfasser: | |
| In: |
Schlesien heute, Band 5, Heft 4 (2002), Seite 18-19, 3 Abb. alle Artikel anzeigen |
| Veröffentlicht: | 2002 |
| Format: | Aufsatz |
| Sprache: | Deutsch |
X
alg: 39215839 001A $01999:11-11-16 001B $03025:17-02-26 $t13:53:55.000 001D $01999:11-11-16 001U $0utf8 001X $00 002@ $0Aox 003@ $0392158396 007A $0392158396 $aHEB 007T $0Herd63262 010@ $ager 011@ $a2002 021A $aSchlesisches Weltkulturerbe: Die Friedenskirche zur Heiligen Dreifaltigkeit in Schweidnitz 028A $aLaskowski $dGregor 031A $d5 $e4 $h18-19, 3 Abb. $j2002 039B $aIn $8--Abvc--. Schlesien heute. - Görlitz : Senfkorn-Verl., 1998-. - ISSN 1436-5022 $x200200000050004982 $9090035658 044K $RŚwidnica $#Dreifaltigkeitskirche Świdnica Świdnica $#Zur heiligen Dreifaltigkeit Świdnica Świdnica $#Kościół Pokoju Świdnica $#Peace church Świdnica $#Kościół Pokoju w Świdnicy $#Peace Church in Świdnica $#Friedenskirche zu Schweidnitz $74355501-9 $8Friedenskirche Świdnica$gŚwidnica [Tg1] $9088248178 045F $a307.09438 $eDDC23BSB 045F/01 $a307.09 045F/03 $g438 045F/03 $g4385 045T $a7,41 $a8,1 lok: 39215839 78 exp: 39215839 78 1 #EPN 201B/01 $016-05-18 $t22:55:20.000 201U/01 $0utf8 203@/01 $0788254502 208@/01 $a11-11-16 $be 209A/01 $a/ $f000 $x00 220C/01 $aTitelaufnehmer: wr 244Z/01 $2Trx $#Silesia $#Śląsk $#Sliezsko $#Slezsko $8--Trx--Schlesien $x01 $9391173987 244Z/01 $2Trx $#Poola $#Lenkija $#Polija $#Polen Land $#Poland $#Lengyelország $#Poľsko $#Polsko $8--Trx--Polska$gkraj $x02 $9391345966 244Z/01 $#Schweidnitz Świdnica $#Miasto Świdnica $#Gmina Miasto Świdnica $74053841-2 $8--Tg1--Świdnica $x03 $9085149489 244Z/01 $aGeschichte 1535-1752 $x04 244Z/01 $2Trx $#kirikud hooned $#bažnyčių pastatai $#churches buildings $#templomok épületek $#kościoły budynki $#kostoly budovy $#kostely budovy $8--Trx--Kirchen$gGebäude $x05 $9391363778 244Z/01 $2Trx $#arhitektuur, sakraalne $#sakralinė architektūra $#Architecture, sacral $#építészet, szakrális $#architektura sakralna $#architektúra, sakrálna $#architektura sakrální $#Kirchenbau $#stavba kostolov $8--Trx--Architektur, sakrale $x06 $9391375059 244Z/01 $2Trx $#mälestusmärgi hooldus ja kaitse $#paminklų konservavimas ir apsauga $#preservation of monuments $#müemlékvédelem és ápolás $#konserwacja i ochrona zabytków $#pamiatková starostlivosť a ochrana $#památková péče a ochrana $8--Trx--Denkmalpflege und -schutz $x07 $9391355635 244Z/01 $2Trx $8--Trx--Zeitschriftenaufsatz $x08 $9391384341 244Z/01 $2Trx $#ülevaated kohad $#vietovės bendras $#overview cities $#ábrázolások, átfogó helyek $#miejscowości poszczególne $#dejiny miestne $#dějiny místní $#Ortsgeschichte $#Städte $#Orte $#miasta $#miestne dejiny $8--Trx--Darstellungen, übergreifende$gOrte $x09 $9391384228 245Z/01 $a13.03 $x01 245Z/01 $a11.11 $x02 247C/01 $82080>Marburg/Lahn, Herder-Institut, Forschungsbibliothek, Bibliographieportal $9336309341
| LEADER | 00000caa a22000002c 4500 | ||
|---|---|---|---|
| 001 | 392158396 | ||
| 003 | DE-603 | ||
| 005 | 20260217135355.0 | ||
| 007 | tu | ||
| 008 | 161111s2002 xx |||| | u00||u|ger c | ||
| 035 | |a (DE-599)HEB392158396 | ||
| 040 | |a DE-603 |b ger |c DE-603 |d DE-603 | ||
| 041 | |a ger | ||
| 082 | 0 | 4 | |8 1\u |a 307.09438 |q DE-101 |2 23/BSB |
| 084 | |a 7,41 |a 8,1 |2 ssgn | ||
| 085 | |8 1\u |b 307.09 | ||
| 085 | |8 1\u |z 2 |s 438 | ||
| 085 | |8 1\u |z 2 |s 4385 | ||
| 100 | 1 | |a Laskowski, Gregor | |
| 245 | 0 | 0 | |a Schlesisches Weltkulturerbe: Die Friedenskirche zur Heiligen Dreifaltigkeit in Schweidnitz |
| 264 | 0 | |c 2002 | |
| 651 | 7 | |a Friedenskirche Świdnica |g Świdnica |0 (DE-588)4355501-9 |0 (DE-603)088248178 |2 gnd | |
| 773 | 0 | 8 | |i In |t Schlesien heute |d Görlitz : Senfkorn-Verl., 1998- |h 30 cm |x 1436-5022 |g Band 5, Heft 4 (2002), Seite 18-19, 3 Abb. |w (DE-603)090035658 |w (DE-600)2003332-1 |
| 924 | 0 | |9 2080 |a (DE-603)788254502 |b DE-2080 |c HES |d d |g / | |


